000
00309nam a2200145Ia 4500
008
230917s9999||||xx |||||||||||||| ||und||
040
_e
149578
_a
MAIN
041
_a
English
082
_a
780.5 S58S
100
_a
Garg, Prabhu lal
245
0
_a
Sangeet
260
_c
1967
300
_a
168p p.
942
_c
BK
999
_c
38501
_d
38501